000 01079cam a2200157 4500500
005 20260308004138.0
041 _afre
042 _adc
100 1 0 _aGoldman, Oury
_eauthor
245 0 0 _aUnraveling the Wars of Religion. Thierry Amalou, La Sorbonne entre en guerre de religion, Autorité universitaire, censure et pouvoir royal en France (vers 1551 – vers 1589), Droz, “Travaux d’humanisme et Renaissance”, 2024, 592 pages, 75 euros. Denis Crouzet, Paris criminel, 1572, Les Belles Lettres, 2024, 378 pages, 25 euros. Jérémie Foa, Survivre, Une autre histoire des guerres de religion, Seuil, “L’univers historique”, 2024, 352 pages, 23 euros.
260 _c2026.
500 _a27
520 _aEva Jospin takes us on a journey toward the universal in art: The fascinating exploration of caves presented at the Grand Palais invites us to search for shared human experiences.
786 0 _nÉtudes | 4334 | 2 | 2026-01-26 | p. 119-120 | 0014-1941
856 4 1 _uhttps://shs.cairn.info/journal-etudes-2026-2-page-119?lang=en&redirect-ssocas=7080
999 _c1678107
_d1678107